[Event "AUTO-INT-2702"]
[Site "http://www.queenalice.com/game.php?id=1208192"]
[Date "2013.8.14"]
[Round "1"]
[White "GleisonCavalcante"]
[Black "manucies"]
[Result "0-1"]
[WhiteElo "1665"]
[BlackElo "1562"]

1. e4 e5 2. Nf3 Nc6 3. Bb5 a6 4. Ba4 b5 5. Bb3 Nf6 6. d3 Bc5 7. Nxe5 Nxe5 8. d4
Nxe4 9. dxc5 Nxc5 10. Qd5 d6 11. Qxa8 c6 12. Bd5 cxd5 13. Qxd5 O-O 14. Nc3 Be6
15. Qd4 Re8 16. O-O Nb7 17. Qa7 Nc5 18. Nxb5 axb5 19. Qa3 Bc4 20. Qg3 Bxf1 21.
Bg5 f6 22. Bh6 Ng6 23. Bd2 Bc4 24. h3 Re2 25. Re1 Rxd2 26. b4 Nd7 27. Qc3 Rd5
28. Re3 Nf4 29. Qe1 Re5 30. Rxe5 fxe5 31. Qe4 d5 32. Qf5 g6 33. Qg4 Nf6 34. Qg5
Qe7 35. a3 Kg7 36. Kh2 h6 37. Qh4 g5 38. Qg3 d4 39. Qf3 e4 40. Qd1 Qd6 41. g3
Ne2 42. Qe1 d3 43. cxd3 Qxd3 44. Qf1 h5 45. g4 hxg4 46. hxg4 Nxg4+ 0-1

[Event "AUTO-INT-2702"]
[Site "http://www.queenalice.com/game.php?id=1208209"]
[Date "2013.8.14"]
[Round "1"]
[White "GleisonCavalcante"]
[Black "markim04"]
[Result "0-1"]
[WhiteElo "1621"]
[BlackElo "1735"]

1. e4 c5 2. Nc3 g6 3. Nf3 Bg7 4. Bc4 e6 5. d4 cxd4 6. Nxd4 Ne7 7. Bf4 e5 8. Nde2
exf4 9. Nxf4 Bxc3+ 10. bxc3 O-O 11. O-O Nbc6 12. Nd5 Nxd5 13. Bxd5 Ne7 14. Bb3
b6 15. Qd6 Bb7 16. Rae1 Rc8 17. c4 Nc6 18. Ba4 Qe7 19. Qf4 Qe5 20. Qe3 d6 21. f4
Qd4 22. Bxc6 Qxe3+ 23. Rxe3 Rxc6 24. Rd1 Rxc4 25. c3 Rxe4 26. Rxe4 Bxe4 27. Rxd6
Rc8 28. Kf2 Rxc3 29. Rd8+ Kg7 30. Rd4 Bf5 31. h3 Rc2+ 32. Kg3 Rxa2 33. h4 h5 34.
Rd1 b5 35. Rf1 b4 36. Rf3 Be4 37. Rb3 Rxg2+ 38. Kh3 a5 39. Re3 Bd5 40. Re5 Rd2
41. f5 b3 42. fxg6 fxg6 43. Re7+ Kf6 44. Ra7 b2 0-1

[Event "AUTO-INT-2702"]
[Site "http://www.queenalice.com/game.php?id=1208210"]
[Date "2013.8.14"]
[Round "1"]
[White "markim04"]
[Black "GleisonCavalcante"]
[Result "1-0"]
[WhiteElo "1690"]
[BlackElo "1693"]

1. d4 d5 2. c4 e6 3. Nc3 Nf6 4. Nf3 Bb4 5. a3 Bxc3+ 6. bxc3 Ne4 7. cxd5 Qxd5 8.
Qc2 f5 9. e3 Nc6 10. Bd3 Na5 11. c4 Qc6 12. O-O Qb6 13. Bxe4 fxe4 14. Qxe4 Nxc4
15. Nd2 Nd6 16. Qg4 O-O 17. Qg3 Nf5 18. Qe5 Nh6 19. h3 Nf7 20. Qg3 Nh6 21. Nc4
Qb3 22. Ne5 Nf5 23. Qg4 Nh6 24. Qh5 Rf5 25. Qd1 Qc3 26. Ra2 b6 27. e4 Rf6 28.
Rc2 Qb3 29. Rxc7 Ba6 30. Qxb3 Bxf1 31. Bxh6 Rxh6 32. Kxf1 Rh4 33. Qxe6+ Kf8 34.
Qf7# 1-0

[Event "AUTO-INT-2702"]
[Site "http://www.queenalice.com/game.php?id=1208211"]
[Date "2013.8.14"]
[Round "1"]
[White "GleisonCavalcante"]
[Black "jairo366"]
[Result "0-1"]
[WhiteElo "1630"]
[BlackElo "1806"]

1. e4 d6 2. d4 Nf6 3. Nc3 g6 4. Nf3 Bg7 5. Bc4 O-O 6. Bg5 Nbd7 7. e5 Ne8 8. e6
fxe6 9. Bxe6+ Kh8 10. Nd5 Nef6 11. Bxf6 Nxf6 12. Ng5 Bxe6 13. Nf4 Bg8 14. Nge6
Bxe6 15. Nxe6 Qd7 16. Nxf8 Rxf8 17. O-O Qg4 18. Qxg4 Nxg4 19. f3 Bxd4+ 20. Kh1
Nf2+ 21. Rxf2 Bxf2 22. Rf1 Bd4 23. h4 e5 24. c3 Bb6 25. Kh2 e4 26. f4 c6 27. g3
d5 28. Kh3 Kg7 29. Kg4 h5+ 30. Kh3 Kf6 31. b4 Kf5 32. a4 e3 33. Re1 Ke4 34. a5
Bc7 35. Kg2 Re8 36. Re2 b6 37. a6 b5 38. Kh3 Kf3 0-1

[Event "AUTO-INT-2702"]
[Site "http://www.queenalice.com/game.php?id=1208212"]
[Date "2013.8.14"]
[Round "1"]
[White "jairo366"]
[Black "GleisonCavalcante"]
[Result "1-0"]
[WhiteElo "1778"]
[BlackElo "1677"]

1. c4 e5 2. Nf3 Nc6 3. d4 Bb4+ 4. Nc3 Nf6 5. Nxe5 Nxe5 6. dxe5 Ne4 7. Qc2 Qh4 8.
g3 Qg4 9. Bg2 Nc5 10. b3 Qd4 11. Bb2 Qxe5 12. O-O O-O 13. Ne4 Qh5 14. Nxc5 Bxc5
15. Rad1 d6 16. Rd2 Bf5 17. Be4 Bxe4 18. Qxe4 Rae8 19. Qd3 Bb4 20. Rc2 f5 21.
Qd4 Re5 22. c5 Bxc5 23. Qc4+ Rd5 24. Qxd5+ Kh8 25. Qxb7 Bb6 26. Qd5 Re8 27. Re1
h6 28. e4 Ba5 29. Rec1 Rxe4 30. Qa8+ Kh7 31. Qxa7 Re2 32. Rxe2 Qxe2 33. Qxa5
Qxb2 34. Qxf5+ Kh8 35. Rxc7 Qd4 36. Rc8# 1-0

[Event "AUTO-ADV-2933"]
[Site "http://www.queenalice.com/game.php?id=1208306"]
[Date "2013.8.15"]
[Round "1"]
[White "chessman"]
[Black "GleisonCavalcante"]
[Result "0-1"]
[WhiteElo "1921"]
[BlackElo "1640"]

1. e4 e5 2. Nf3 Nc6 3. Bc4 d6 4. h3 Nf6 5. d3 h6 6. O-O d5 7. exd5 Nxd5 8. Re1
f6 9. Nh4 Be6 10. Ng6 Rh7 11. Nxf8 Kxf8 12. Qe2 Nd4 13. Qd1 b5 14. c3 bxc4 15.
cxd4 Nb4 16. dxc4 Bxc4 17. Na3 Nd3 18. Nxc4 Qxd4 19. Ne3 Nxe1 20. Qxe1 c5 21. b3
Qxa1 0-1

[Event "AUTO-ADV-2933"]
[Site "http://www.queenalice.com/game.php?id=1208307"]
[Date "2013.8.15"]
[Round "1"]
[White "GleisonCavalcante"]
[Black "chessman"]
[Result "1-0"]
[WhiteElo "1695"]
[BlackElo "1849"]

1. e4 e6 2. d4 d5 3. e5 c5 4. Nf3 cxd4 5. Nxd4 Nc6 6. Bb5 Bd7 7. a3 Nxe5 8. Bf4
Ng6 9. Bg3 Nf6 10. f3 Bc5 11. Nc3 Bxb5 12. Ndxb5 a6 13. Nc7+ Kf8 14. Nxa8 Qxa8
15. b4 Ba7 16. Bd6+ Ke8 17. g4 Qd8 18. Bg3 Qb6 19. Rf1 Qe3+ 20. Ne2 Bd4 21. Qxd4
Qxd4 22. Nxd4 Kd7 23. h4 Ne7 24. Be5 Nc6 25. Nxc6 1-0

[Event "AUTO-ADV-2933"]
[Site "http://www.queenalice.com/game.php?id=1208320"]
[Date "2013.8.15"]
[Round "1"]
[White "tango2011"]
[Black "GleisonCavalcante"]
[Result "1-0"]
[WhiteElo "1627"]
[BlackElo "1731"]

1. d4 d5 2. e3 Nf6 3. Nf3 Nc6 4. Bb5 Bd7 5. Bxc6 Bxc6 6. Ne5 Ne4 7. O-O Bb5 8.
Nd3 e6 9. a4 Ba6 10. Ne5 Bxf1 11. Qxf1 f6 12. Nd3 b6 13. f3 Ng5 14. Nc3 Bb4 15.
Nxb4 Qd6 16. Nd3 a6 17. b4 c5 18. dxc5 bxc5 19. Nxc5 Qe5 20. Bd2 d4 21. N3e4
dxe3 22. Bxe3 Nxe4 23. Nxe4 f5 24. Nf2 Qxe3 25. Re1 Qb6 26. Qc4 O-O 27. Rxe6
Qxe6 28. Qxe6+ Kh8 29. Nd3 Rae8 30. Qxa6 Rf6 31. Qb5 Re2 32. Qb8+ 1-0

[Event "AUTO-ADV-2933"]
[Site "http://www.queenalice.com/game.php?id=1208321"]
[Date "2013.8.15"]
[Round "1"]
[White "GleisonCavalcante"]
[Black "tango2011"]
[Result "1-0"]
[WhiteElo "1624"]
[BlackElo "1614"]

1. e4 c5 2. Nc3 d6 3. Nf3 e6 4. Bb5+ Bd7 5. d4 cxd4 6. Nxd4 e5 7. Nf5 Bxb5 8.
Nxb5 g6 9. Nfxd6+ Bxd6 10. Nxd6+ Ke7 11. Qd5 Nd7 12. Nxb7 Qb6 13. Be3 Qxb2 14.
Qd6+ Ke8 15. Bh6 Qxa1+ 16. Ke2 Qxh1 17. Nc5 Rd8 18. Nxd7 Ne7 19. Nf6# 1-0

[Event "AUTO-ADV-2933"]
[Site "http://www.queenalice.com/game.php?id=1208328"]
[Date "2013.8.15"]
[Round "1"]
[White "bdpq"]
[Black "GleisonCavalcante"]
[Result "1-0"]
[WhiteElo "1673"]
[BlackElo "1645"]

1. h4 e5 2. h5 d5 3. Nf3 Nc6 4. g3 e4 5. Nh4 Nf6 6. Bg2 Nxh5 7. b3 Nf6 8. Bb2
Bc5 9. Nc3 Ng4 10. Bh3 Nxf2 11. Qc1 Nxh1 12. Bxc8 Rxc8 13. Ba3 Bf2+ 14. Kf1 Bxg3
15. Nf5 Qg5 16. Nxg3 Qxg3 17. Qe1 Qf4+ 18. Kg2 Nf2 19. Qxf2 Qxd2 20. Qc5 Qg5+
21. Kf2 e3+ 22. Kf1 Qf6+ 23. Kg2 Qf2+ 24. Kh3 d4 25. Nd5 Qf5+ 26. Kg3 Qg5+ 27.
Kh3 Qh6+ 28. Kg3 Qd6+ 29. Nf4 Qxc5 30. Bxc5 b6 31. Ba3 a5 32. Kf3 Nb4 33. Bxb4
axb4 34. Nd5 c5 35. Nxb6 Rc6 36. Nd5 O-O 37. Ne7+ Kh8 38. Nxc6 f5 39. Rg1 Ra8
40. Ne7 g6 41. Ra1 Re8 42. Nd5 Rd8 43. Nb6 Rb8 44. Nc4 Ra8 45. Ne5 Re8 46. Kf4
Kg7 47. Nd7 Re4+ 48. Kf3 Re7 49. Nxc5 Rc7 50. Ne6+ Kf6 51. Nxc7 f4 52. Kxf4 g5+
53. Ke4 h5 54. Nd5+ Kg6 55. Nxb4 g4 56. Kf4 h4 57. Kxg4 Kf6 58. Kxh4 1-0

[Event "AUTO-ADV-2933"]
[Site "http://www.queenalice.com/game.php?id=1208329"]
[Date "2013.8.15"]
[Round "1"]
[White "GleisonCavalcante"]
[Black "bdpq"]
[Result "0-1"]
[WhiteElo "1667"]
[BlackElo "1716"]

1. e4 d5 2. exd5 Qxd5 3. Nc3 Qd8 4. Nf3 e6 5. d4 Bb4 6. Ne5 Bxc3+ 7. bxc3 Nf6 8.
Bg5 Nbd7 9. Bxf6 Nxf6 10. Qf3 O-O 11. Bd3 Nd5 12. Be4 c6 13. h4 f5 14. h5 fxe4
15. Qxe4 Rf4 16. Qe2 Nxc3 17. Qe3 Re4 18. O-O Ne2+ 19. Qxe2 Rxe2 20. Rae1 Rxc2
21. a4 Qxd4 22. Nf3 Qxa4 23. Ne5 b6 24. Ra1 Ra2 25. Nd3 Rxa1 0-1

[Event "AUTO-INT-2703"]
[Site "http://www.queenalice.com/game.php?id=1208635"]
[Date "2013.8.16"]
[Round "1"]
[White "mizuta"]
[Black "GleisonCavalcante"]
[Result "0-1"]
[WhiteElo "1443"]
[BlackElo "1722"]

1. e4 e5 2. d4 exd4 3. Qxd4 Nc6 4. Qe3 b6 5. e5 Bc5 6. Qf4 g5 7. Qf5 d5 8. Qf3
Nxe5 9. Qg3 Ng4 10. Bb5+ Bd7 11. Bxd7+ Qxd7 12. Bxg5 Bxf2+ 13. Qxf2 Nxf2 14.
Kxf2 Qf5+ 15. Nf3 Qxc2+ 16. Nbd2 h6 17. Rac1 Qxb2 18. Rxc7 hxg5 19. h3 g4 20.
Re1+ Kf8 21. hxg4 Nf6 22. Ree7 Ne4+ 23. Ke3 Nxd2 24. Rxf7+ Kg8 25. Nxd2 Re8+ 0-1

[Event "AUTO-INT-2703"]
[Site "http://www.queenalice.com/game.php?id=1208636"]
[Date "2013.8.16"]
[Round "1"]
[White "GleisonCavalcante"]
[Black "mizuta"]
[Result "1-0"]
[WhiteElo "1717"]
[BlackElo "1448"]

1. e4 d5 2. exd5 Qxd5 3. Nc3 Qe6+ 4. Qe2 g6 5. Qxe6 Bxe6 6. Nf3 Bg7 7. d4 c6 8.
Bd3 Nd7 9. O-O O-O-O 10. Bf4 Bh6 11. Bg3 Ngf6 12. Rae1 Nh5 13. Bh4 Rhe8 14. d5
cxd5 15. Nb5 a6 16. Nd6+ exd6 17. Bxd8 Kxd8 18. Nd4 Bd2 19. Re2 Bf4 20. g3 Bh6
21. Rfe1 Ng7 22. f4 Nf6 23. f5 gxf5 24. h3 Ngh5 25. Nxf5 Nxg3 26. Nxg3 1-0

[Event "AUTO-INT-2703"]
[Site "http://www.queenalice.com/game.php?id=1208649"]
[Date "2013.8.16"]
[Round "1"]
[White "leonardo_assumpcao"]
[Black "GleisonCavalcante"]
[Result "0-1"]
[WhiteElo "1677"]
[BlackElo "1678"]

1. d4 d5 2. c4 e6 3. Nf3 Nf6 4. Nc3 Bb4 5. e3 Ne4 6. Qb3 Nc6 7. cxd5 exd5 8. Bb5
a5 9. a3 Bxc3+ 10. bxc3 O-O 0-1

[Event "AUTO-INT-2703"]
[Site "http://www.queenalice.com/game.php?id=1208659"]
[Date "2013.8.16"]
[Round "1"]
[White "GleisonCavalcante"]
[Black "MarceloLopes"]
[Result "1-0"]
[WhiteElo "1616"]
[BlackElo "1418"]

1. e4 e5 2. Nf3 d6 3. Nc3 Nc6 4. Bc4 Bg4 5. h3 Bxf3 6. Qxf3 f6 7. Qf5 Nd4 8.
Qh5+ g6 9. Qg4 Nxc2+ 10. Kf1 Nxa1 11. Qe6+ Qe7 12. Nd5 Kd8 13. Nxe7 Bxe7 14. Bb5
Nc2 15. Qd7# 1-0

[Event "AUTO-INT-2703"]
[Site "http://www.queenalice.com/game.php?id=1208660"]
[Date "2013.8.16"]
[Round "1"]
[White "MarceloLopes"]
[Black "GleisonCavalcante"]
[Result "1-0"]
[WhiteElo "1568"]
[BlackElo "1722"]

1. e4 e5 2. d3 Nc6 3. Nf3 Nf6 4. Nc3 Bb4 5. Bd2 O-O 6. Nd5 Bxd2+ 7. Qxd2 d6 8.
Qg5 h6 9. Nxf6+ Qxf6 10. Qxf6 gxf6 11. O-O-O Bg4 12. Be2 Bxf3 13. Bxf3 Nd4 14.
c3 Ne6 15. Bg4 Nf4 16. g3 Ng6 17. h4 Ne7 18. d4 Nc6 19. d5 Na5 20. Be2 a6 21. b4
b6 22. bxa5 b5 23. a3 Rfb8 24. Kc2 Kg7 25. Bh5 Rb7 26. Rb1 Rab8 27. Rhg1 c5 28.
Kd3 b4 29. Kc4 bxa3 30. Rxb7 Rxb7 31. Ra1 Rb2 32. Rxa3 Rxf2 33. Rb3 Ra2 34. Rb7
Ra4+ 35. Kb3 Rxe4 36. Rxf7+ 1-0

[Event "AUTO-INT-2703"]
[Site "http://www.queenalice.com/game.php?id=1227645"]
[Date "2013.10.27"]
[Round "2"]
[White "Paraucho"]
[Black "GleisonCavalcante"]
[Result "1-0"]
[WhiteElo "2033"]
[BlackElo "1610"]

1. e4 e5 2. Nf3 Nc6 3. Bc4 Nf6 4. Qe2 d5 5. exd5 Nxd5 6. Nxe5 Be7 7. Nxc6 bxc6
8. O-O Nf4 9. Qf3 Qd4 10. Qxc6+ Kd8 11. Qxa8 Qxc4 12. d3 Ne2+ 13. Kh1 Nd4 14.
dxc4 Nxc2 15. Rd1+ Bd6 16. Nc3 Nxa1 17. Bf4 Re8 18. Bxd6 1-0

[Event "AUTO-INT-2703"]
[Site "http://www.queenalice.com/game.php?id=1227646"]
[Date "2013.10.27"]
[Round "2"]
[White "GleisonCavalcante"]
[Black "Paraucho"]
[Result "0-1"]
[WhiteElo "1608"]
[BlackElo "2035"]

1. e4 c6 2. d4 d5 3. e5 Bf5 4. Bd3 Bg6 5. Nf3 Bxd3 6. Qxd3 Qb6 7. Nc3 e6 8. Na4
Qa5+ 9. Nc3 Ne7 10. Bd2 Nf5 11. Ne4 Qb6 12. Bc3 Be7 13. O-O dxe4 14. Qxe4 O-O
15. a3 Nd7 16. g4 Nh4 17. Nxh4 c5 0-1